[Event "67. Campionato Italiano Assoluto"]
[Site "Martina Franca (ITA)"]
[Date "2007.11.24"]
[Round "1.1"]
[White "Garcia Palermo, Carlos H"]
[Black "Godena, Michele"]
[Result "1/2-1/2"]
[WhiteElo "2459"]
[BlackElo "2535"]
[PlyCount "30"]
[EventDate "2007.11.24"]
[EventType "tourn"]
[EventRounds "11"]
[EventCountry "ITA"]
[Source "lmi"]
[SourceDate "2007.11.24"]

1. d4 d5 2. Nf3 e6 3. c4 Nf6 4. e3 Nbd7 5. Nbd2 Be7 6. b3 c5 7. Bb2 O-O 8. Bd3
b6 9. O-O Bb7 10. Rc1 dxc4 11. bxc4 Qc7 12. Qe2 Rad8 13. Rfd1 Rfe8 14. Nf1 cxd4
15. exd4 Qf4 1/2-1/2

[Event "67. Campionato Italiano Assoluto"]
[Site "Martina Franca (ITA)"]
[Date "2007.11.24"]
[Round "1.2"]
[White "Genocchio, Daniele"]
[Black "Manca, Federico"]
[Result "1/2-1/2"]
[WhiteElo "2433"]
[BlackElo "2405"]
[PlyCount "23"]
[EventDate "2007.11.24"]
[EventType "tourn"]
[EventRounds "11"]
[EventCountry "ITA"]
[Source "lmi"]
[SourceDate "2007.11.24"]

1. Nf3 Nf6 2. g3 g6 3. Bg2 Bg7 4. O-O O-O 5. d4 d6 6. c4 Nbd7 7. d5 Nc5 8. Nc3
a5 9. Be3 Bd7 10. h3 c6 11. Bxc5 dxc5 12. e4 1/2-1/2

[Event "67. Campionato Italiano Assoluto"]
[Site "Martina Franca (ITA)"]
[Date "2007.11.24"]
[Round "1.3"]
[White "Mogranzini, Roberto"]
[Black "Caruana, Fabiano"]
[Result "0-1"]
[WhiteElo "2415"]
[BlackElo "2594"]
[PlyCount "132"]
[EventDate "2007.11.24"]
[EventType "tourn"]
[EventRounds "11"]
[EventCountry "ITA"]
[Source "lmi"]
[SourceDate "2007.11.24"]

1. e4 c5 2. Nf3 Nc6 3. d4 cxd4 4. Nxd4 Nf6 5. Nc3 d6 6. Be2 g6 7. O-O Nxd4 8.
Qxd4 Bg7 9. Be3 O-O 10. Qd2 Be6 11. Bd4 a6 12. Rfe1 Rc8 13. Qe3 Qa5 14. a3 Nd7
15. Bxg7 Kxg7 16. Rad1 Qc5 17. Qxc5 Rxc5 18. Bd3 Rfc8 19. f3 Ne5 20. f4 Nc4 21.
Bxc4 Bxc4 22. Rd2 Be6 23. h3 h5 24. Re3 Kf8 25. Kf2 b5 26. Ke1 Rc4 27. Kd1 f6
28. Kc1 Kf7 29. Rf2 R8c5 30. Kd2 b4 31. axb4 Rxb4 32. b3 Bd7 33. Rd3 Bc6 34.
Ke3 f5 35. exf5 gxf5 36. Kd2 a5 37. Re3 Kf6 38. g3 e5 39. h4 e4 40. Ne2 a4 41.
bxa4 Bxa4 42. Rc3 Rd5+ 43. Kc1 Bb5 44. Ra3 Bxe2 45. Rxe2 Rbd4 46. Re1 Rd2 47.
Rc3 Rg2 48. Rd1 Ke6 49. Rb3 Rxd1+ 50. Kxd1 Kd5 51. Ra3 Kd4 52. Rb3 e3 53. Rb4+
Kd5 54. Ra4 Rd2+ 55. Kc1 Rd4 56. Rxd4+ Kxd4 57. Kd1 Ke4 58. Ke2 d5 59. c3 d4
60. cxd4 Kxd4 61. g4 fxg4 62. f5 Ke5 63. Kxe3 Kxf5 64. Kf2 Kf4 65. Kg2 Ke4 66.
Kf2 Kd3 0-1

[Event "67. Campionato Italiano Assoluto"]
[Site "Martina Franca (ITA)"]
[Date "2007.11.24"]
[Round "1.4"]
[White "Bonafede, Alessandro"]
[Black "Bruno, Fabio"]
[Result "1/2-1/2"]
[WhiteElo "2279"]
[BlackElo "2445"]
[PlyCount "102"]
[EventDate "2007.11.24"]
[EventType "tourn"]
[EventRounds "11"]
[EventCountry "ITA"]
[Source "lmi"]
[SourceDate "2007.11.24"]

1. e4 c5 2. Nf3 e6 3. d4 cxd4 4. Nxd4 Nf6 5. Nc3 d6 6. g4 h6 7. h4 a6 8. Rg1 h5
9. gxh5 Nxh5 10. Bg5 Nf6 11. Qd2 Qb6 12. O-O-O Bd7 13. Be2 Nc6 14. Nb3 Qxf2 15.
Be3 Qxh4 16. Bf3 Ne5 17. Rh1 Nxf3 18. Rxh4 Nxd2 19. Rxh8 Ndxe4 20. Nxe4 Nxe4
21. Nd2 Nxd2 22. Rxd2 O-O-O 23. Rg8 Kc7 24. Rh2 e5 25. Bd2 Be6 26. Rhh8 Be7 27.
Ba5+ b6 28. Bxb6+ Kxb6 29. Rxd8 Bxd8 30. Rxd8 Kc7 31. Rg8 g6 32. b3 d5 33. c3
a5 34. Kd2 Kc6 35. a3 Kc5 36. Ra8 Kb6 37. Rb8+ Kc7 38. Rg8 d4 39. cxd4 exd4 40.
b4 axb4 41. axb4 Bc4 42. Re8 Kc6 43. Rd8 Kb5 44. Rxd4 Kxb4 45. Ke3 Kc5 46. Rd8
Kc6 47. Kf4 Kc7 48. Rd4 Bb3 49. Kg5 Kc6 50. Kf6 Kc5 51. Rg4 Bd5 1/2-1/2

[Event "67. Campionato Italiano Assoluto"]
[Site "Martina Franca (ITA)"]
[Date "2007.11.24"]
[Round "1.5"]
[White "Borgo, Giulio"]
[Black "Contin, Daniel"]
[Result "1-0"]
[WhiteElo "2440"]
[BlackElo "2318"]
[PlyCount "81"]
[EventDate "2007.11.24"]
[EventType "tourn"]
[EventRounds "11"]
[EventCountry "ITA"]
[Source "lmi"]
[SourceDate "2007.11.24"]

1. d4 Nf6 2. Nf3 e6 3. e3 b6 4. Bd3 Bb7 5. O-O c5 6. c4 g6 7. Nc3 Bg7 8. e4
cxd4 9. Nxd4 d6 10. Bg5 h6 11. Be3 O-O 12. f3 Qe7 13. Re1 Rd8 14. Qd2 Kh7 15.
a4 Nbd7 16. a5 bxa5 17. Nb3 Nc5 18. Nxc5 dxc5 19. e5 Nd7 20. Bf4 Nb8 21. Rad1
Nc6 22. Qf2 Nd4 23. Bg3 Qc7 24. Be4 Rab8 25. f4 a6 26. Bh4 Rd7 27. Rd3 Bc8 28.
Rh3 Kg8 29. Bf6 Bxf6 30. exf6 Qd8 31. Qh4 Rxb2 32. Qxh6 Qxf6 33. Qh7+ Kf8 34.
Qh8+ Ke7 35. Qxc8 Nb3 36. Nd5+ Rxd5 37. Bxd5 Qxf4 38. Rxe6+ fxe6 39. Qxe6+ Kf8
40. Qg8+ Ke7 41. Rh7+ 1-0

[Event "67. Campionato Italiano Assoluto"]
[Site "Martina Franca (ITA)"]
[Date "2007.11.24"]
[Round "1.6"]
[White "Rombaldoni, Denis"]
[Black "Brunello, Sabino"]
[Result "1/2-1/2"]
[WhiteElo "2402"]
[BlackElo "2489"]
[PlyCount "60"]
[EventDate "2007.11.24"]
[EventType "tourn"]
[EventRounds "11"]
[EventCountry "ITA"]
[Source "lmi"]
[SourceDate "2007.11.24"]

1. d4 Nf6 2. c4 e6 3. g3 d5 4. Nf3 dxc4 5. Bg2 Bb4+ 6. Bd2 a5 7. Qc2 Nc6 8.
Qxc4 Qd5 9. Qd3 O-O 10. Nc3 Qh5 11. a3 Be7 12. h3 Rd8 13. g4 Qg6 14. Qxg6 hxg6
15. e3 a4 16. Rd1 Na5 17. Bc1 Bd7 18. e4 b5 19. Ne5 Be8 20. O-O Rab8 21. Na2 c5
22. dxc5 Bxc5 23. Bd2 Nc6 24. Bc3 Nxe5 25. Bxe5 Rbc8 26. Bc3 Nd7 27. Nb4 Bxb4
28. Bxb4 Ne5 29. Bc3 Nc4 30. Rxd8 Rxd8 1/2-1/2

[Event "67. Campionato Italiano Assoluto"]
[Site "Martina Franca (ITA)"]
[Date "2007.11.25"]
[Round "2.1"]
[White "Godena, Michele"]
[Black "Brunello, Sabino"]
[Result "1/2-1/2"]
[WhiteElo "2535"]
[BlackElo "2489"]
[PlyCount "33"]
[EventDate "2007.11.24"]
[EventType "tourn"]
[EventRounds "11"]
[EventCountry "ITA"]
[Source "lmi"]
[SourceDate "2007.11.24"]

1. e4 e5 2. Nf3 Nc6 3. Bb5 a6 4. Ba4 Nf6 5. d3 b5 6. Bb3 Be7 7. Nc3 d6 8. a4 b4
9. Nd5 Na5 10. Nxf6+ Bxf6 11. Ba2 O-O 12. O-O c5 13. Nd2 Be6 14. Nc4 Nxc4 15.
Bxc4 Qd7 16. Be3 Be7 17. Qf3 1/2-1/2

[Event "67. Campionato Italiano Assoluto"]
[Site "Martina Franca (ITA)"]
[Date "2007.11.25"]
[Round "2.2"]
[White "Contin, Daniel"]
[Black "Rombaldoni, Denis"]
[Result "1/2-1/2"]
[WhiteElo "2318"]
[BlackElo "2402"]
[PlyCount "123"]
[EventDate "2007.11.24"]
[EventType "tourn"]
[EventRounds "11"]
[EventCountry "ITA"]
[Source "lmi"]
[SourceDate "2007.11.24"]

1. c4 e5 2. g3 Nf6 3. Bg2 d5 4. cxd5 Nxd5 5. Nc3 Nb6 6. Nf3 Nc6 7. O-O Be7 8.
d3 O-O 9. Be3 Be6 10. Rc1 Nd5 11. Nxd5 Bxd5 12. a3 Re8 13. Qa4 Bf6 14. Nd2 Nd4
15. Bxd4 Bxg2 16. Kxg2 exd4 17. Ne4 c6 18. Qb3 Rb8 19. Rc2 Re5 20. f4 Rb5 21.
Qc4 Rd5 22. b4 Qd7 23. Rf2 Be7 24. Rc1 Kf8 25. f5 Rxf5 26. Rxf5 Qxf5 27. Qxd4
Qh5 28. Rf1 Rd8 29. Qe3 b6 30. h3 Qd5 31. g4 g6 32. Qf3 Kg7 33. Rc1 f5 34. gxf5
gxf5 35. Ng3 f4 36. Nh5+ Kf7 37. Qxd5+ Rxd5 38. Nxf4 Rg5+ 39. Kf3 c5 40. b5 Bd6
41. Rc4 Rg1 42. Ke4 Rf1 43. e3 Ke7 44. Kf5 Kd7 45. a4 Rf3 46. Ke4 Rf1 47. Nd5
Rh1 48. a5 bxa5 49. Ra4 Bc7 50. Nxc7 Kxc7 51. Rxa5 Kb6 52. Ra6+ Kxb5 53. Rh6 a5
54. Rxh7 a4 55. Kd5 a3 56. Rb7+ Ka4 57. Kxc5 a2 58. Ra7+ Kb3 59. Rxa2 Kxa2 60.
e4 Rxh3 61. e5 Rxd3 62. e6 1/2-1/2

[Event "67. Campionato Italiano Assoluto"]
[Site "Martina Franca (ITA)"]
[Date "2007.11.25"]
[Round "2.3"]
[White "Bruno, Fabio"]
[Black "Borgo, Giulio"]
[Result "1-0"]
[WhiteElo "2445"]
[BlackElo "2440"]
[PlyCount "133"]
[EventDate "2007.11.24"]
[EventType "tourn"]
[EventRounds "11"]
[EventCountry "ITA"]
[Source "lmi"]
[SourceDate "2007.11.24"]

1. Nf3 d5 2. d4 Nf6 3. c4 e6 4. Nc3 c6 5. g3 dxc4 6. Bg2 b5 7. O-O Bb7 8. e4
Nbd7 9. e5 Nd5 10. Ng5 Nxc3 11. bxc3 Nb6 12. Qh5 Qd7 13. Bd2 h6 14. Rfd1 g6 15.
Qh3 O-O-O 16. Ne4 Ba3 17. Qg4 Kb8 18. Bc1 Be7 19. Be3 Qc7 20. Qf3 Ba3 21. Rab1
Nd5 22. Bc1 Bf8 23. a4 a6 24. Rd2 Kc8 25. Rdb2 Rd7 26. Ra2 Qa5 27. Bd2 c5 28.
dxc5 Bc6 29. Rbb2 bxa4 30. Bf1 Bxc5 31. Bxc4 Nc7 32. Qe2 a3 33. Rb1 Be7 34.
Nd6+ Rxd6 35. exd6 Bxd6 36. Rba1 Nb5 37. Bxe6+ fxe6 38. c4 Nd4 39. Bxa5 Nxe2+
40. Rxe2 Kd7 41. Rd2 Ke7 42. c5 Bxc5 43. Rc2 Bd4 44. Rd1 Rb8 45. Rxc6 a2 46.
Rc7+ Ke8 47. Rcc1 Bb2 48. Rc6 Kf7 49. Rc7+ Kf6 50. Bc3+ Bxc3 51. Rxc3 Rb1 52.
Rcc1 a1=Q 53. Rxb1 Qe5 54. Ra1 h5 55. Rxa6 Qe2 56. Raa1 h4 57. Re1 Qc4 58. Ra3
h3 59. Rae3 Qd5 60. Rxe6+ Kf5 61. R6e5+ Qxe5 62. Rxe5+ Kxe5 63. f4+ Kf5 64. Kf2
g5 65. fxg5 Kxg5 66. Kf3 Kh5 67. Kf4 1-0

[Event "67. Campionato Italiano Assoluto"]
[Site "Martina Franca (ITA)"]
[Date "2007.11.25"]
[Round "2.4"]
[White "Caruana, Fabiano"]
[Black "Bonafede, Alessandro"]
[Result "1-0"]
[WhiteElo "2594"]
[BlackElo "2279"]
[PlyCount "81"]
[EventDate "2007.11.24"]
[EventType "tourn"]
[EventRounds "11"]
[EventCountry "ITA"]
[Source "lmi"]
[SourceDate "2007.11.24"]

1. e4 c5 2. Nf3 Nc6 3. Bb5 g6 4. Bxc6 dxc6 5. d3 Bg7 6. h3 Nf6 7. Nc3 Nd7 8.
Be3 e5 9. Qd2 Qe7 10. O-O Nf8 11. Bh6 Ne6 12. Bxg7 Nxg7 13. Ne2 O-O 14. a3 f6
15. b4 Ne6 16. Nh2 Nd4 17. Nxd4 cxd4 18. f4 Bd7 19. Nf3 Rae8 20. Rf2 Qd6 21.
fxe5 fxe5 22. Raf1 Rf6 23. Qh6 Qf8 24. Qd2 Qd6 25. Qh6 Qf8 26. Qg5 Qg7 27. Nd2
Rxf2 28. Rxf2 h6 29. Qg3 Be6 30. Nf3 Bf7 31. Rf1 g5 32. Nh2 Re6 33. Qg4 Qg6 34.
Rf5 Qh5 35. Nf3 Qxg4 36. hxg4 Re7 37. Rxe5 Rxe5 38. Nxe5 Be6 39. Kf2 a5 40. Kg3
a4 41. Nf3 1-0

[Event "67. Campionato Italiano Assoluto"]
[Site "Martina Franca (ITA)"]
[Date "2007.11.25"]
[Round "2.5"]
[White "Manca, Federico"]
[Black "Mogranzini, Roberto"]
[Result "1/2-1/2"]
[WhiteElo "2405"]
[BlackElo "2415"]
[PlyCount "54"]
[EventDate "2007.11.24"]
[EventType "tourn"]
[EventRounds "11"]
[EventCountry "ITA"]
[Source "lmi"]
[SourceDate "2007.11.24"]

1. e4 c5 2. c3 Nf6 3. e5 Nd5 4. d4 cxd4 5. Nf3 Nc6 6. cxd4 d6 7. Bc4 Nb6 8. Bb5
Bd7 9. exd6 e6 10. Nc3 Bxd6 11. O-O O-O 12. a3 Nd5 13. Bd3 Nf6 14. Re1 Ne7 15.
Bg5 Ng6 16. d5 Re8 17. dxe6 Rxe6 18. Qb3 Rxe1+ 19. Rxe1 Bc6 20. Be4 Rb8 21. Rd1
Qe7 22. Bd5 Ne5 23. Nd4 Neg4 24. h3 Re8 25. Nf3 Ne5 26. Nd4 Neg4 27. Nf3 Ne5
1/2-1/2

[Event "67. Campionato Italiano Assoluto"]
[Site "Martina Franca (ITA)"]
[Date "2007.11.25"]
[Round "2.6"]
[White "Garcia Palermo, Carlos H"]
[Black "Genocchio, Daniele"]
[Result "1-0"]
[WhiteElo "2459"]
[BlackElo "2433"]
[PlyCount "65"]
[EventDate "2007.11.24"]
[EventType "tourn"]
[EventRounds "11"]
[EventCountry "ITA"]
[Source "lmi"]
[SourceDate "2007.11.24"]

1. d4 Nf6 2. c4 g6 3. Nc3 Bg7 4. e4 d6 5. f3 O-O 6. Bg5 h6 7. Be3 e5 8. d5 c6
9. Qd2 cxd5 10. cxd5 a6 11. Bd3 b5 12. Nge2 Nbd7 13. O-O Kh7 14. b4 Nb6 15. a4
bxa4 16. Nxa4 Nfd7 17. Nxb6 Nxb6 18. b5 axb5 19. Rxa8 Nxa8 20. Bxb5 Nc7 21. Bc6
Ne8 22. Ra1 f5 23. exf5 gxf5 24. Ra8 f4 25. Qc2+ Kh8 26. Bf2 Nf6 27. Nc3 Ng8
28. Nb5 Qf6 29. Nxd6 Qxd6 30. Bc5 Qc7 31. Ra7 Qb8 32. Qg6 Qxa7 33. Bxa7 1-0

[Event "67. Campionato Italiano Assoluto"]
[Site "Martina Franca (ITA)"]
[Date "2007.11.26"]
[Round "3.2"]
[White "Mogranzini, Roberto"]
[Black "Garcia Palermo, Carlos H"]
[Result "1/2-1/2"]
[WhiteElo "2415"]
[BlackElo "2459"]
[PlyCount "28"]
[EventDate "2007.11.24"]
[EventType "tourn"]
[EventRounds "11"]
[EventCountry "ITA"]
[Source "lmi"]
[SourceDate "2007.11.24"]

1. e4 e5 2. Nf3 Nf6 3. Nxe5 d6 4. Nf3 Nxe4 5. Nc3 Nxc3 6. dxc3 Be7 7. Be3 Nc6
8. Qd2 Ne5 9. O-O-O O-O 10. h4 Bg4 11. Be2 Qc8 12. h5 Bf6 13. h6 g6 14. Kb1 Re8
1/2-1/2

[Event "67. Campionato Italiano Assoluto"]
[Site "Martina Franca (ITA)"]
[Date "2007.11.26"]
[Round "3.3"]
[White "Bonafede, Alessandro"]
[Black "Manca, Federico"]
[Result "1/2-1/2"]
[WhiteElo "2279"]
[BlackElo "2405"]
[PlyCount "111"]
[EventDate "2007.11.24"]
[EventType "tourn"]
[EventRounds "11"]
[EventCountry "ITA"]
[Source "lmi"]
[SourceDate "2007.11.24"]

1. e4 d6 2. d4 Nf6 3. Nc3 g6 4. Bg5 c6 5. Qd2 Nbd7 6. f4 b5 7. Bd3 Nb6 8. Nf3
Bg7 9. O-O O-O 10. Rae1 b4 11. Nd1 c5 12. c3 bxc3 13. bxc3 cxd4 14. cxd4 Bb7
15. Nf2 Rc8 16. f5 Qc7 17. Bh6 Qc3 18. Qg5 Kh8 19. Bxg7+ Kxg7 20. fxg6 hxg6 21.
Nh4 Nh7 22. Qxe7 Qc7 23. Nxg6 Rfe8 24. Qxc7 Rxc7 25. Nh4 Bc8 26. e5 dxe5 27.
dxe5 Ng5 28. Nf5+ Bxf5 29. Bxf5 Nc4 30. Ng4 Rc5 31. h4 Ne6 32. Bxe6 Rxe6 33.
Rf6 Rd5 34. Rxe6 fxe6 35. Re4 Nb6 36. Kf2 Ra5 37. Re2 Nd5 38. Rb2 Kg6 39. Ne3
Nc3 40. Rb7 Rxa2+ 41. Kf3 Ra3 42. Nc2 Ra4 43. g4 Nd5 44. Rb3 a5 45. Ra3 Rf4+
46. Kg3 Rc4 47. Ne3 Rc3 48. Rxc3 Nxc3 49. Nc4 a4 50. Na3 Nd5 51. Kf3 Kh6 52.
Ke4 Ne7 53. Kd4 Nc6+ 54. Ke4 Ne7 55. Nc4 Ng6 56. h5 1/2-1/2

[Event "67. Campionato Italiano Assoluto"]
[Site "Martina Franca (ITA)"]
[Date "2007.11.26"]
[Round "3.5"]
[White "Rombaldoni, Denis"]
[Black "Bruno, Fabio"]
[Result "1/2-1/2"]
[WhiteElo "2402"]
[BlackElo "2445"]
[PlyCount "180"]
[EventDate "2007.11.24"]
[EventType "tourn"]
[EventRounds "11"]
[EventCountry "ITA"]
[Source "lmi"]
[SourceDate "2007.11.24"]

1. d4 d5 2. c4 c6 3. Nf3 Nf6 4. g3 Bf5 5. Bg2 e6 6. O-O Nbd7 7. Nc3 h6 8. Qb3
Qb6 9. c5 Qxb3 10. axb3 a6 11. b4 Rc8 12. Nd2 Bc2 13. Ncb1 e5 14. Na3 Bf5 15.
e3 Be7 16. Nb3 O-O 17. Nb1 Rfe8 18. Bd2 Ne4 19. Bc3 Bf8 20. N1d2 Nxd2 21. Nxd2
Rc7 22. f3 exd4 23. exd4 Be7 24. Rfe1 Kf8 25. Kf2 Bf6 26. Nb3 g5 27. Rxe8+ Kxe8
28. Re1+ Kd8 29. Bf1 Nf8 30. Ke2 Ne6 31. Kd2 Re7 32. Bd3 Bxd3 33. Kxd3 h5 34.
Bd2 Re8 35. Rg1 Kc8 36. Be3 Bd8 37. Nc1 f5 38. Ne2 Kd7 39. f4 g4 40. h3 gxh3
41. Rh1 h4 42. Rxh3 Ng7 43. Rh1 Nh5 44. gxh4 Rg8 45. Rg1 Rxg1 46. Nxg1 Bxh4 47.
Ke2 Ng3+ 48. Kf2 Nh5+ 49. Ke2 Ke7 50. Nh3 Bg3 51. Bd2 Kf6 52. Kf3 Bh4 53. Ng1
Ng7 54. Kg2 Kg6 55. Nf3 Kh5 56. Ne5 Ne6 57. Be3 Bf6 58. Nf3 Bd8 59. Kg3 Kg6 60.
Ne5+ Kg7 61. Nf3 Bc7 62. Nh4 Kf6 63. Kf3 a5 64. bxa5 Bxa5 65. Ng2 b6 66. b4
Bxb4 67. cxb6 Ba5 68. b7 Bc7 69. Bf2 Ke7 70. Nh4 Ng7 71. Be1 Kd7 72. Ba5 Bb8
73. Bb6 Ne6 74. Ng6 Nd8 75. Nf8+ Ke8 76. Bxd8 Kxd8 77. Ne6+ Kd7 78. Ng7 Kc7 79.
Nxf5 Kxb7 80. Ne3 Ba7 81. Nc2 Kc7 82. Kg4 Kd6 83. f5 Kd7 84. Kg5 c5 85. dxc5
Bxc5 86. Kg6 Kd6 87. f6 Ke5 88. f7 Ke4 89. Kf6 Bf8 90. Ke6 d4 1/2-1/2

[Event "67. Campionato Italiano Assoluto"]
[Site "Martina Franca (ITA)"]
[Date "2007.11.26"]
[Round "3.6"]
[White "Brunello, Sabino"]
[Black "Contin, Daniel"]
[Result "1-0"]
[WhiteElo "2489"]
[BlackElo "2318"]
[PlyCount "91"]
[EventDate "2007.11.24"]
[EventType "tourn"]
[EventRounds "11"]
[EventCountry "ITA"]
[Source "lmi"]
[SourceDate "2007.11.24"]

1. d4 d5 2. c4 e6 3. Nf3 c5 4. cxd5 exd5 5. Nc3 Nc6 6. g3 Nf6 7. Bg2 Be7 8. O-O
O-O 9. dxc5 Bxc5 10. Bg5 Be6 11. Bxf6 Qxf6 12. Nxd5 Qxb2 13. Nc7 Rad8 14. Qc1
Qxc1 15. Raxc1 Be7 16. Nxe6 fxe6 17. Rc4 Bf6 18. e3 Rd6 19. h4 h6 20. Re4 b5
21. Rc1 a6 22. Bh3 Kf7 23. Rxe6 Rxe6 24. Bxe6+ Kxe6 25. Rxc6+ Kd5 26. Rxa6 Bc3
27. Kg2 Ke4 28. Ra7 Kd3 29. h5 b4 30. g4 Kc2 31. Nd4+ Kb1 32. Nc6 Be1 33. f4
Bd2 34. Kf3 Kb2 35. Ke2 Bc3 36. Rb7 Ka3 37. Ra7+ Kb2 38. Ra4 b3 39. axb3 Kxb3
40. Re4 Ra8 41. Kd3 Ra1 42. Nd4+ Kb2 43. Re7 Rd1+ 44. Kc4 Bxd4 45. exd4 Rf1 46.
f5 1-0

[Event "67. Campionato Italiano Assoluto"]
[Site "Martina Franca (ITA)"]
[Date "2007.11.27"]
[Round "4.1"]
[White "Godena, Michele"]
[Black "Contin, Daniel"]
[Result "1/2-1/2"]
[WhiteElo "2535"]
[BlackElo "2318"]
[PlyCount "119"]
[EventDate "2007.11.24"]
[EventType "tourn"]
[EventRounds "11"]
[EventCountry "ITA"]
[Source "lmi"]
[SourceDate "2007.11.24"]

1. e4 e6 2. d4 d5 3. Nd2 c5 4. Ngf3 a6 5. exd5 exd5 6. dxc5 Bxc5 7. Nb3 Bb6 8.
Bg5 Ne7 9. Qd2 O-O 10. Be2 Nbc6 11. O-O f6 12. Be3 Ne5 13. Rfe1 Be6 14. Bxb6
Qxb6 15. Qa5 Qa7 16. Qc5 b6 17. Qd6 Bf7 18. Nxe5 Nc8 19. Nc6 Nxd6 20. Nxa7 Rxa7
21. Nd4 a5 22. Rad1 Re8 23. Bd3 Rae7 24. Rxe7 Rxe7 25. Kf1 Kf8 26. b3 Ne4 27.
a4 g6 28. f3 Nd6 29. Kf2 h5 30. h4 Ke8 31. Rb1 Kd7 32. Rg1 Re8 33. Rd1 Rc8 34.
g3 Rc5 35. Re1 Rc8 36. Rd1 Rc5 37. Ke3 Rc8 38. Kd2 Rg8 39. Bf1 g5 40. Ke3 Re8+
41. Kf2 Re5 42. Bh3+ Kc7 43. Rd3 Kb7 44. hxg5 fxg5 45. Re3 Re8 46. Rxe8 Nxe8
47. Ke3 Nf6 48. c3 Kc7 49. Nb5+ Kc6 50. Kd4 g4 51. Bg2 Bg6 52. fxg4 hxg4 53. c4
Be4 54. cxd5+ Bxd5 55. Bxd5+ Nxd5 56. Na7+ Kd6 57. Nc8+ Kc6 58. Na7+ Kd6 59.
Nc8+ Kc6 60. Na7+ 1/2-1/2

[Event "67. Campionato Italiano Assoluto"]
[Site "Martina Franca (ITA)"]
[Date "2007.11.27"]
[Round "4.2"]
[White "Bruno, Fabio"]
[Black "Brunello, Sabino"]
[Result "0-1"]
[WhiteElo "2445"]
[BlackElo "2489"]
[PlyCount "106"]
[EventDate "2007.11.24"]
[EventType "tourn"]
[EventRounds "11"]
[EventCountry "ITA"]
[Source "lmi"]
[SourceDate "2007.11.24"]

1. Nf3 Nf6 2. d4 e6 3. c4 b6 4. a3 Bb7 5. Nc3 Be7 6. d5 O-O 7. e4 exd5 8. cxd5
Re8 9. Bd3 c6 10. O-O d6 11. h3 cxd5 12. exd5 Nbd7 13. Nd4 Rc8 14. Be3 Bf8 15.
Bg5 h6 16. Bxf6 Qxf6 17. Bb5 Rc7 18. Bc6 a6 19. Rc1 Bc8 20. b4 Re7 21. Ne6 fxe6
22. dxe6 Rxc6 23. Nd5 Qxe6 24. Rxc6 Re8 25. Nc7 Qe4 26. Qb3+ Kh8 27. Rc4 Qg6
28. Nxe8 Qxe8 29. Qe3 Qd8 30. Rfc1 Bb7 31. Rc7 Bd5 32. Qd2 Be6 33. Rc8 Qf6 34.
Qxd6 Kh7 35. Qd3+ Bf5 36. Qc3 Qg5 37. Rd1 Be7 38. Rd5 Nf6 39. Re5 Bd6 40. Rc6
Bxe5 41. Qxe5 Qg6 42. g4 Bd7 43. Rxb6 Qd3 44. Qe3 Qb1+ 45. Kg2 Nd5 46. Qd4 Nxb6
47. Qxb6 Qd3 48. Qb7 Be6 49. Qc7 Bd5+ 50. Kg1 Qd1+ 51. Kh2 Qh1+ 52. Kg3 Qf3+
53. Kh4 Qxf2+ 0-1

[Event "67. Campionato Italiano Assoluto"]
[Site "Martina Franca (ITA)"]
[Date "2007.11.27"]
[Round "4.3"]
[White "Caruana, Fabiano"]
[Black "Rombaldoni, Denis"]
[Result "1-0"]
[WhiteElo "2594"]
[BlackElo "2402"]
[PlyCount "59"]
[EventDate "2007.11.24"]
[EventType "tourn"]
[EventRounds "11"]
[EventCountry "ITA"]
[Source "lmi"]
[SourceDate "2007.11.24"]

1. e4 c6 2. d4 d5 3. e5 Bf5 4. Nf3 e6 5. Be2 Nd7 6. O-O Ne7 7. c3 c5 8. dxc5
Nxc5 9. Nd4 a6 10. Be3 Qc7 11. f4 g5 12. fxg5 Bg7 13. Nd2 Bxe5 14. N2f3 Bg7 15.
c4 Be4 16. Rc1 Qa5 17. Bf2 Nd7 18. Nd2 Rd8 19. N4b3 Qxa2 20. cxd5 Bxd5 21. Nc4
Ne5 22. Bb6 Nxc4 23. Bxc4 Ra8 24. Bd4 Bxc4 25. Bxg7 Bxb3 26. Qh5 Bd5 27. Bxh8
Kd7 28. Be5 Rc8 29. Rxc8 Kxc8 30. Qxf7 1-0

[Event "67. Campionato Italiano Assoluto"]
[Site "Martina Franca (ITA)"]
[Date "2007.11.27"]
[Round "4.5"]
[White "Garcia Palermo, Carlos H"]
[Black "Bonafede, Alessandro"]
[Result "1-0"]
[WhiteElo "2459"]
[BlackElo "2279"]
[PlyCount "109"]
[EventDate "2007.11.24"]
[EventType "tourn"]
[EventRounds "11"]
[EventCountry "ITA"]
[Source "lmi"]
[SourceDate "2007.11.24"]

1. d4 f5 2. c4 Nf6 3. Nc3 d6 4. Bg5 Nbd7 5. Qc2 g6 6. e4 fxe4 7. Nxe4 Bg7 8.
Ng3 c5 9. Nf3 cxd4 10. Nxd4 Qa5+ 11. Qd2 Qe5+ 12. Be2 Ne4 13. Nxe4 Qxd4 14.
Qxd4 Bxd4 15. O-O-O Bg7 16. Rhe1 Kf7 17. Be3 Nf6 18. Nxf6 Bxf6 19. Bd4 Bd7 20.
Bxf6 Kxf6 21. Rd3 Rac8 22. Rf3+ Kg7 23. Re3 Rhe8 24. Kd2 Kf7 25. h4 a6 26. h5
Rc5 27. hxg6+ hxg6 28. f4 e5 29. b4 Rc7 30. fxe5 Rxe5 31. Rf3+ Rf5 32. Ref1 Kg7
33. Bd3 Rxf3 34. Rxf3 b5 35. Rf4 Be6 36. cxb5 axb5 37. Bxb5 Bxa2 38. Rd4 d5 39.
Bd3 Rb7 40. Kc3 Kf6 41. Rg4 g5 42. b5 d4+ 43. Rxd4 Be6 44. Kb4 Ke5 45. Re4+ Kd6
46. Bc4 Bf5 47. Re8 g4 48. Rd8+ Rd7 49. Rg8 Ke5 50. b6 Kf4 51. Rf8 Ke5 52. Bb5
Rd4+ 53. Kc3 Rd5 54. Re8+ Kf4 55. Kc4 1-0

[Event "67. Campionato Italiano Assoluto"]
[Site "Martina Franca (ITA)"]
[Date "2007.11.27"]
[Round "4.6"]
[White "Genocchio, Daniele"]
[Black "Mogranzini, Roberto"]
[Result "0-1"]
[WhiteElo "2433"]
[BlackElo "2415"]
[PlyCount "76"]
[EventDate "2007.11.24"]
[EventType "tourn"]
[EventRounds "11"]
[EventCountry "ITA"]
[Source "lmi"]
[SourceDate "2007.11.24"]

1. d4 Nf6 2. Bg5 e6 3. Nf3 h6 4. Bh4 d6 5. c4 g5 6. Bg3 Nh5 7. Nc3 Bg7 8. e3
Nc6 9. Qc2 Bd7 10. Be2 a6 11. a3 Ne7 12. O-O-O Qb8 13. d5 e5 14. c5 f5 15. Nd2
Nxg3 16. hxg3 O-O 17. e4 Qa7 18. c6 bxc6 19. Bc4 c5 20. Nf3 Qb8 21. Qd3 Qe8 22.
Bxa6 Qg6 23. Nd2 fxe4 24. Ndxe4 Nf5 25. Bc4 g4 26. Kb1 Rfb8 27. Ka1 Nd4 28. Ka2
Bf5 29. Rhe1 Qe8 30. Qd2 Rb4 31. Qd3 Qb8 32. Rb1 Rb3 33. Qd1 Rb4 34. Qd3 Qb6
35. f3 Qa5 36. Nd1 Rxc4 37. Ndf2 Rc2 38. Nxg4 c4 0-1

[Event "67. Campionato Italiano Assoluto"]
[Site "Martina Franca (ITA)"]
[Date "2007.11.28"]
[Round "5.1"]
[White "Mogranzini, Roberto"]
[Black "Godena, Michele"]
[Result "1/2-1/2"]
[WhiteElo "2415"]
[BlackElo "2535"]
[PlyCount "95"]
[EventDate "2007.11.24"]
[EventType "tourn"]
[EventRounds "11"]
[EventCountry "ITA"]
[Source "lmi"]
[SourceDate "2007.11.24"]

1. e4 e5 2. Nf3 Nc6 3. Bb5 a6 4. Bxc6 dxc6 5. O-O Qd6 6. Na3 b5 7. c3 Ne7 8. d4
exd4 9. cxd4 Ng6 10. Nc2 Be7 11. b3 O-O 12. Ba3 Qe6 13. Bxe7 Qxe7 14. Re1 c5
15. dxc5 Bg4 16. Ncd4 Ne5 17. Qc2 Bxf3 18. Nxf3 Nxf3+ 19. gxf3 Qf6 20. Rad1
Qxf3 21. Qd3 Qf6 22. e5 Qe7 23. Qe3 Qe6 24. Qe4 Rad8 25. Kg2 h6 26. h3 Rfe8 27.
f4 g6 28. Kg3 h5 29. Rf1 a5 30. Rxd8 Rxd8 31. f5 gxf5 32. Rxf5 Qd5 33. Qxd5
Rxd5 34. Kf4 Rd2 35. Rxh5 Rxa2 36. Ke4 Rd2 37. Rh6 Rb2 38. Ra6 Rxb3 39. Rxa5 b4
40. Ra7 c6 41. Rc7 Rb1 42. Rxc6 b3 43. Kd3 Rc1 44. Rb6 Rxc5 45. Kd4 Ra5 46.
Rxb3 f6 47. exf6 Rf5 48. Rb8+ 1/2-1/2